000 00627nam a22002057a 4500
003 koha_MIRAKIL
005 20260416104905.0
008 260416b tur||||| |||| 00| 0 tur d
020 _a9786055286873
040 _aTR-IsEVY
_btur
_cTR-IsEVY
082 _aFIC DUL/Ş
100 _aDulun, Petek Sinem
245 0 _aŞakacı kuşlar sokağı /
_cPetek Sinem Dulun ; resimleyen Sait Munzur.
250 _a7. bs.
260 _aAnkara :
_bElma Yayınevi,
_c2023.
300 _a42 s. :
_brenkli resimli ;
_c21 cm.
650 _aÇocuk Edebiyatı.
_vÇocuk Hikayeleri.
700 1 _aMunzur, Sait.
_cresimleyen.
942 _2ddc
_cBK
999 _c23504
_d23504